[Event "XXXIV Memorial Edoardo Crespi Magistrale"]
[Site "Milano ITA"]
[Date "2013.12.07"]
[Round "8"]
[White "Astengo, Corrado"]
[Black "Aleksic, Nenad"]
[WhiteElo "2083"]
[BlackElo "2351"]
[Result "0-1"]
[PlyCount "46"]
[EventDate "2013.11.30"]

1. e4 c5 2. Nf3 d6 3. d4 cxd4 4. Nxd4 Nf6 5. Nc3 a6 6. Bg5 e6 7. f4 Qc7 8. Qf3
Bd7 9. O-O-O Nc6 10. f5 Be7 11. Be2 Rc8 12. Kb1 b5 13. fxe6 fxe6 14. Bxf6 Bxf6
15. Ndxb5 axb5 16. Nxb5 Qa5 17. Nxd6+ Ke7 18. Nxc8+ Rxc8 19. Qd3 Nd4 20. Qa6
Qb4 21. Bg4 Rxc2 22. b3 Rb2+ 23. Kxb2 Nxb3+ 0-1

[Event "XXXIV Memorial Edoardo Crespi Magistrale"]
[Site "Milano ITA"]
[Date "2013.12.07"]
[Round "8"]
[White "Bemporad, Filippo"]
[Black "Arnaudov, G. Petar"]
[WhiteElo "2026"]
[BlackElo "2448"]
[Result "0-1"]
[PlyCount "96"]
[EventDate "2013.11.30"]

1. d4 Nf6 2. Nf3 c5 3. c4 cxd4 4. Nxd4 e5 5. Nb5 d5 6. cxd5 Bc5 7. N5c3 O-O 8.
e3 e4 9. Be2 Qe7 10. O-O Rd8 11. Nd2 Nbd7 12. a3 Nb6 13. Qc2 Bf5 14. Nb3 Bd6
15. Nd4 Qe5 16. g3 Bh3 17. Re1 Rac8 18. Qb3 Bg4 19. Bd2 Bxe2 20. Ncxe2 Qh5 21.
Kg2 Ng4 22. h3 Ne5 23. Ba5 Nd3 24. Red1 Be5 25. Bxb6 axb6 26. Rf1 Rd6 27. Rad1
Rh6 28. Rh1 Rf6 29. Rxd3 exd3 30. Qxd3 Bxd4 31. Nxd4 Qxd5+ 32. e4 Qd7 33. Qe3
Re8 34. Re1 Rd6 35. Nf5 Rde6 36. Qc3 f6 37. Qb3 Kh8 38. Rd1 Qc7 39. f3 Rc6 40.
h4 Rd8 41. Qf7 Rc2+ 42. Kh3 Qxf7 43. Rxd8+ Qg8 44. Rxg8+ Kxg8 45. b4 Rc3 46.
Kg4 Kf8 47. Kf4 Rxa3 48. Ne3 g5+ 0-1

[Event "XXXIV Memorial Edoardo Crespi Magistrale"]
[Site "Milano ITA"]
[Date "2013.12.07"]
[Round "8"]
[White "Brociner, Beniamino"]
[Black "Andreoni, Giuseppe"]
[WhiteElo "2072"]
[BlackElo "2082"]
[Result "1-0"]
[PlyCount "65"]
[EventDate "2013.11.30"]

1. e4 c5 2. Nf3 d6 3. d4 cxd4 4. Nxd4 Nf6 5. Nc3 a6 6. Be2 e5 7. Nb3 Be7 8. O-O
O-O 9. Kh1 Nc6 10. Be3 Be6 11. Qd2 d5 12. exd5 Nxd5 13. Nxd5 Qxd5 14. Qxd5 Bxd5
15. Rad1 Be4 16. c3 b5 17. Nc5 Bg6 18. Bf3 Rfc8 19. Bd5 Ra7 20. Bxc6 Rxc6 21.
Nd7 Rb7 22. Nxe5 Rc8 23. Nxg6 hxg6 24. g3 a5 25. Bd4 b4 26. Rfe1 bxc3 27. bxc3
Ba3 28. Rb1 Rbc7 29. Kg2 Rc4 30. Re5 a4 31. Ra5 R8c7 32. Rb8+ Kh7 33. h4 1-0

[Event "XXXIV Memorial Edoardo Crespi Magistrale"]
[Site "Milano ITA"]
[Date "2013.12.07"]
[Round "8"]
[White "Di Chiara, Mauro"]
[Black "Calella, Sergio"]
[WhiteElo "2007"]
[BlackElo "2029"]
[Result "0-1"]
[PlyCount "72"]
[EventDate "2013.11.30"]

1. d4 Nf6 2. Nf3 c5 3. d5 b5 4. c4 Bb7 5. cxb5 Nxd5 6. Nc3 e6 7. e3 Be7 8. Bd2
O-O 9. Be2 Nf6 10. Qc2 d5 11. Rd1 Nbd7 12. Bc1 Qc7 13. b3 e5 14. Na4 e4 15. Nd4
Rfd8 16. b4 c4 17. a3 Ne5 18. Bb2 Rac8 19. Nf5 Bf8 20. Bd4 Nd3+ 21. Bxd3 exd3
22. Qb2 Ne4 23. Nc5 g6 24. Ng3 Nxc5 25. bxc5 Bxc5 26. Bh8 Bf8 27. Bc3 d4 28.
Bxd4 Bxg2 29. Rg1 Rxd4 30. Qxd4 Bg7 31. Qxg7+ Kxg7 32. Rxg2 Qa5+ 33. Kf1 c3 34.
Nf5+ Kf6 35. Nd6 c2 36. Rc1 Qxa3 0-1

[Event "XXXIV Memorial Edoardo Crespi Magistrale"]
[Site "Milano ITA"]
[Date "2013.12.07"]
[Round "8"]
[White "Gori, Andrea"]
[Black "Pelizzola, Danilo"]
[WhiteElo "2065"]
[BlackElo "2117"]
[Result "1-0"]
[PlyCount "89"]
[EventDate "2013.11.30"]

1. e4 c5 2. Nc3 Nc6 3. f4 e6 4. Nf3 d5 5. Bb5 d4 6. Ne2 Bd7 7. d3 Nf6 8. O-O
Be7 9. Bxc6 Bxc6 10. Ne5 Qc7 11. Qe1 Nd7 12. Nxc6 Qxc6 13. Qg3 g6 14. f5 e5 15.
c3 Qd6 16. c4 Bf6 17. Bd2 Qe7 18. a3 O-O 19. Qh3 b6 20. g4 Bg5 21. Be1 Be3+ 22.
Kh1 g5 23. Rd1 f6 24. Rf3 Bf4 25. Qg2 h6 26. Bd2 Rf7 27. Rh3 Rh7 28. Rh5 Kg7
29. Ng1 Rb8 30. Bxf4 exf4 31. a4 Ne5 32. Nf3 Rhh8 33. Nxe5 Qxe5 34. Rb1 Rbc8
35. Qd2 Qe8 36. b3 Qc6 37. Kg2 a6 38. Kf3 Rc7 39. h4 Rh7 40. Rh1 a5 41. Qh2 Kg8
42. hxg5 fxg5 43. Rxh6 Qb7 44. Qh5 Rxh6 45. Qxg5+ 1-0

[Event "XXXIV Memorial Edoardo Crespi Magistrale"]
[Site "Milano ITA"]
[Date "2013.12.07"]
[Round "8"]
[White "Iudicello, Giovanni"]
[Black "Quaranta, Cristiano"]
[WhiteElo "2134"]
[BlackElo "2169"]
[Result "1/2-1/2"]
[PlyCount "64"]
[EventDate "2013.11.30"]

1. e4 c5 2. Nf3 d6 3. d4 cxd4 4. Nxd4 Nf6 5. Nc3 a6 6. Bg5 e6 7. f4 h6 8. Bxf6
Qxf6 9. Qd2 Nc6 10. Nf3 Be7 11. O-O-O g5 12. g3 g4 13. Nh4 Qg7 14. Bg2 Bd7 15.
Na4 O-O-O 16. Nb6+ Kc7 17. Nxd7 Rxd7 18. e5 d5 19. c4 Nxe5 20. Qc3 Bg5 21.
cxd5+ Kb8 22. Kb1 Bxh4 23. Qxe5+ Qxe5 24. fxe5 Bg5 25. dxe6 Rxd1+ 26. Rxd1 fxe6
27. Rd7 Rd8 28. Rxb7+ Kc8 29. a3 Rd2 30. Bc6 Rxh2 31. Ra7 Be3 32. Re7 Bd4
1/2-1/2

[Event "XXXIV Memorial Edoardo Crespi Magistrale"]
[Site "Milano ITA"]
[Date "2013.12.07"]
[Round "8"]
[White "Lavorgna, Giovanni"]
[Black "D'Alfonso, Nicola"]
[WhiteElo "1995"]
[BlackElo "2032"]
[Result "1/2-1/2"]
[PlyCount "80"]
[EventDate "2013.11.30"]

1. e4 c5 2. Nf3 d6 3. Bb5+ Bd7 4. a4 Nf6 5. e5 Bxb5 6. axb5 dxe5 7. Nxe5 Qd5 8.
Nf3 Qe4+ 9. Qe2 Qxc2 10. O-O Qe4 11. Qd1 b6 12. Nc3 Qb7 13. d4 cxd4 14. Qxd4 e6
15. Bg5 Nbd7 16. Rfe1 Bc5 17. Qh4 O-O 18. Ra4 Rfe8 19. Nd4 a6 20. bxa6 Rxa6 21.
Rxa6 Qxa6 22. h3 Qd3 23. Nf3 Qc2 24. Re2 Qg6 25. Qa4 Rf8 26. Qc6 Qf5 27. Kh2 h6
28. Bh4 g5 29. Bg3 g4 30. Ne5 Nxe5 31. Rxe5 Qg6 32. Ne4 Bd4 33. Nxf6+ Qxf6 34.
Re4 gxh3 35. Rf4 Qh8 36. Rg4+ Kh7 37. Qd6 Rd8 38. Qc7 Rf8 39. gxh3 Bxb2 40.
Qxb6 Be5 1/2-1/2

[Event "XXXIV Memorial Edoardo Crespi Magistrale"]
[Site "Milano ITA"]
[Date "2013.12.07"]
[Round "8"]
[White "Martinez, Rolly"]
[Black "Roeder, Matthias"]
[WhiteElo "2422"]
[BlackElo "2419"]
[Result "1/2-1/2"]
[PlyCount "32"]
[EventDate "2013.11.30"]

1. e4 c5 2. Nc3 d6 3. Nge2 Nf6 4. d4 cxd4 5. Nxd4 a6 6. Be3 e5 7. Nf3 Qc7 8. a4
Be7 9. a5 O-O 10. Be2 Be6 11. O-O h6 12. Ra4 Nbd7 13. Nd2 d5 14. exd5 Nxd5 15.
Nxd5 Bxd5 16. Bf3 Be6 1/2-1/2

[Event "XXXIV Memorial Edoardo Crespi Magistrale"]
[Site "Milano ITA"]
[Date "2013.12.07"]
[Round "8"]
[White "Nicolo', Filippo"]
[Black "Motola, Jacopo"]
[WhiteElo "2071"]
[BlackElo "2073"]
[Result "1/2-1/2"]
[PlyCount "65"]
[EventDate "2013.11.30"]

1. e4 c5 2. Nc3 Nc6 3. Bb5 g6 4. Bxc6 dxc6 5. d3 Bg7 6. Be3 b6 7. Qd2 e5 8.
Nge2 Nf6 9. h3 Be6 10. b3 O-O 11. f4 Nh5 12. f5 Bc8 13. O-O Nf4 14. Nxf4 exf4
15. Rxf4 Qf6 16. e5 Qxe5 17. d4 Qe7 18. fxg6 hxg6 19. Re4 Qd8 20. dxc5 Qxd2 21.
Bxd2 Bf5 22. Re2 bxc5 23. Rc1 Rfe8 24. Kf1 Rxe2 25. Kxe2 Rb8 26. g4 Be6 27. Na4
c4 28. Be3 a6 29. Rd1 Bd5 30. Nb6 cxb3 31. cxb3 Be4 32. Nc4 Bf6 33. g5 1/2-1/2

[Event "XXXIV Memorial Edoardo Crespi Magistrale"]
[Site "Milano ITA"]
[Date "2013.12.07"]
[Round "8"]
[White "Pavlidis, Anastasios"]
[Black "Mrdja, Milan"]
[WhiteElo "2342"]
[BlackElo "2388"]
[Result "1-0"]
[PlyCount "85"]
[EventDate "2013.11.30"]

1. e4 c5 2. Nf3 d6 3. d4 cxd4 4. Nxd4 Nf6 5. Nc3 a6 6. Bc4 e6 7. Bb3 Be7 8. O-O
O-O 9. f4 Nbd7 10. Qf3 Nc5 11. Be3 Qc7 12. f5 b5 13. fxe6 fxe6 14. Nf5 Nxb3 15.
Nxe7+ Qxe7 16. axb3 Bb7 17. Bg5 Rac8 18. Qe2 h6 19. Bh4 b4 20. Na2 g5 21. Bf2
Nxe4 22. Nxb4 e5 23. c4 Nxf2 24. Rxf2 Rxf2 25. Qxf2 Rf8 26. Qd2 Qe6 27. Rd1 Qg4
28. Nd5 Kg7 29. Ne3 Qe4 30. Qd3 Rb8 31. Nf5+ Kh7 32. Nxd6 Qxd3 33. Rxd3 Bc6 34.
Re3 Kg6 35. Rxe5 Rxb3 36. Re6+ Kh7 37. Nf5 Bb7 38. Rxh6+ Kg8 39. c5 Rxb2 40. c6
Bc8 41. Ne7+ Kg7 42. Rg6+ Kf7 43. Nxc8 1-0

[Event "XXXIV Memorial Edoardo Crespi Magistrale"]
[Site "Milano ITA"]
[Date "2013.12.07"]
[Round "8"]
[White "Rettore, Ludwig"]
[Black "Formento, Paolo"]
[WhiteElo "2139"]
[BlackElo "2175"]
[Result "0-1"]
[PlyCount "172"]
[EventDate "2013.11.30"]

1. Nf3 Nf6 2. d4 b6 3. e3 Bb7 4. Bd3 e6 5. O-O d5 6. Nbd2 Nbd7 7. b3 Ne4 8. c4
Bd6 9. Qc2 f5 10. Bb2 O-O 11. Ne5 Nxd2 12. Qxd2 Nxe5 13. dxe5 Bc5 14. Bd4 Be7
15. b4 dxc4 16. Bxc4 Bd5 17. Rac1 Bxc4 18. Rxc4 c5 19. bxc5 bxc5 20. Bc3 Qxd2
21. Bxd2 Rfd8 22. Ba5 Rd5 23. Rb1 Kf7 24. g3 Rxe5 25. Rb7 Rd5 26. Bc3 g6 27.
Kg2 Ke8 28. Ra4 Rd7 29. Rb5 Bd6 30. Ra6 Ke7 31. f4 Rb8 32. Rba5 Rbb7 33. Kf3
Kd8 34. g4 Kc8 35. g5 Rbc7 36. h4 Kb8 37. Rb5+ Rb7 38. Rba5 Rb6 39. Be5 Bxe5
40. fxe5 Rdb7 41. Ke2 Rxa6 42. Rxa6 Rb6 43. Ra5 Rb4 44. Ra6 Rb6 45. Ra5 Rc6 46.
Kd3 c4+ 47. Kc3 Kb7 48. Rb5+ Kc7 49. Rb4 Rc5 50. Rxc4 Kb6 51. Kd3 Rd5+ 52. Ke2
Kb7 53. Rb4+ Kc7 54. Rc4+ Kb7 55. Rb4+ Kc6 56. Kf3 Rxe5 57. Rc4+ Rc5 58. Rb4
Rb5 59. Rc4+ Kd6 60. Rc8 Rb7 61. Rd8+ Rd7 62. Rf8 Re7 63. Rd8+ Kc5 64. Rb8 Kc4
65. Rb3 e5 66. Rb8 Kd3 67. Rd8+ Kc3 68. Rb8 Kd2 69. Rd8+ Ke1 70. Rb8 Kd1 71.
Rc8 Kd2 72. Rd8+ Kc3 73. Rb8 Kc4 74. Rb3 a5 75. Rb8 a4 76. a3 Kc3 77. Rb4 Ra7
78. Rb8 Rc7 79. Kg3 Kd3 80. Rb5 e4 81. Kf4 Rc1 82. Rd5+ Ke2 83. Rd4 Rh1 84. Kg3
Kxe3 85. Rxa4 f4+ 86. Kg2 Rxh4 0-1

[Event "XXXIV Memorial Edoardo Crespi Magistrale"]
[Site "Milano ITA"]
[Date "2013.12.07"]
[Round "8"]
[White "Rusev, Krasimir"]
[Black "Bejtovic, Jasmin"]
[WhiteElo "2539"]
[BlackElo "2394"]
[Result "1/2-1/2"]
[PlyCount "24"]
[EventDate "2013.11.30"]

1. d4 Nf6 2. g3 g6 3. Bg2 Bg7 4. e4 d6 5. Ne2 O-O 6. O-O e5 7. Nbc3 Nbd7 8. h3
c6 9. Be3 Re8 10. g4 Nf8 11. Qd2 Qc7 12. Ng3 Ne6 1/2-1/2

[Event "XXXIV Memorial Edoardo Crespi Magistrale"]
[Site "Milano ITA"]
[Date "2013.12.07"]
[Round "8"]
[White "Sardo, Gabriele"]
[Black "De Verdier, Michael"]
[WhiteElo "2198"]
[BlackElo "2371"]
[Result "1-0"]
[PlyCount "89"]
[EventDate "2013.11.30"]

1. d4 Nf6 2. c4 e6 3. Nf3 Bb4+ 4. Bd2 Qe7 5. g3 Nc6 6. Bg2 Bxd2+ 7. Qxd2 Ne4 8.
Qc2 Qb4+ 9. Nc3 Nxc3 10. bxc3 Qe7 11. O-O d6 12. Nd2 e5 13. Nb3 a5 14. a4 O-O
15. e3 f5 16. f4 e4 17. c5 Be6 18. Rfb1 Bc4 19. Bf1 Qf7 20. Nd2 Bxf1 21. Kxf1
dxc5 22. Rxb7 Qh5 23. Kg1 cxd4 24. cxd4 Nb4 25. Qd1 Qh6 26. Rxc7 Kh8 27. Qb3
Rab8 28. Rac1 Qd6 29. Qa3 Qe6 30. Nc4 Nd3 31. Qe7 Qh6 32. Ra1 Rbe8 33. Qg5 Qxg5
34. fxg5 Rc8 35. Rxc8 Rxc8 36. Nxa5 Rc2 37. Nb3 Rb2 38. Nc5 Nf2 39. a5 Nh3+ 40.
Kf1 Rxh2 41. Ra3 Nxg5 42. a6 Nf3 43. a7 Rh1+ 44. Ke2 Rh2+ 45. Kd1 1-0

[Event "XXXIV Memorial Edoardo Crespi Magistrale"]
[Site "Milano ITA"]
[Date "2013.12.07"]
[Round "8"]
[White "Tonndorf, Matthias"]
[Black "Loehnhardt, Benjamin"]
[WhiteElo "2219"]
[BlackElo "2029"]
[Result "1-0"]
[PlyCount "99"]
[EventDate "2013.11.30"]

1. e4 e5 2. Nf3 Nc6 3. Bc4 Be7 4. O-O Nf6 5. Re1 d6 6. c3 O-O 7. d3 a6 8. Nbd2
Na5 9. h3 Nxc4 10. Nxc4 Re8 11. a4 Bd7 12. a5 Be6 13. Ne3 c6 14. Qc2 Nd7 15. d4
f6 16. Rd1 Qc7 17. d5 Bf7 18. b3 c5 19. Nc4 Reb8 20. Be3 Be8 21. Ra2 b5 22.
axb6 Nxb6 23. Nxb6 Qxb6 24. b4 Qc7 25. bxc5 dxc5 26. Rda1 a5 27. c4 a4 28. Nd2
Qa7 29. Nb1 Qa6 30. Na3 Rc8 31. Rb2 Rab8 32. Rab1 Rb4 33. Bd2 Rxb2 34. Qxb2 Bd8
35. f3 Kf8 36. Qb7 Qxb7 37. Rxb7 Bg6 38. Bc3 f5 39. exf5 Bxf5 40. Bxe5 Ba5 41.
Ra7 Bb4 42. Rxa4 Bd3 43. d6 Bxa3 44. Rxa3 Bxc4 45. Ra7 Bb5 46. Bxg7+ Kg8 47.
Bf6 c4 48. d7 Bxd7 49. Rxd7 c3 50. Rd8+ 1-0

[Event "XXXIV Memorial Edoardo Crespi Magistrale"]
[Site "Milano ITA"]
[Date "2013.12.07"]
[Round "8"]
[White "Tramalloni, Luca"]
[Black "Bonazzi, Edoardo"]
[WhiteElo "2067"]
[BlackElo "2099"]
[Result "1-0"]
[PlyCount "43"]
[EventDate "2013.11.30"]

1. d4 Nf6 2. Bg5 e6 3. e3 d5 4. Nd2 Nbd7 5. Bd3 Be7 6. Ngf3 c5 7. c3 b6 8. O-O
Bb7 9. Qc2 Qc7 10. Rac1 O-O 11. Qb1 Rac8 12. Bxh7+ Kh8 13. Bc2 Qb8 14. Bf4 Bd6
15. Bxd6 Qxd6 16. e4 cxd4 17. Nxd4 Qf4 18. Rcd1 dxe4 19. Ne2 Qh4 20. Nxe4 Nxe4
21. Rxd7 Ba6 22. Bxe4 1-0

[Event "XXXIV Memorial Edoardo Crespi Magistrale"]
[Site "Milano ITA"]
[Date "2013.12.07"]
[Round "8"]
[White "Vezzosi, Paolo"]
[Black "Battistella, Stefano"]
[WhiteElo "2263"]
[BlackElo "2080"]
[Result "1-0"]
[PlyCount "71"]
[EventDate "2013.11.30"]

1. d4 d5 2. Nf3 c6 3. c4 Nf6 4. e3 Bf5 5. Nc3 e6 6. Nh4 Be4 7. f3 Bg6 8. Qb3
Qc7 9. Bd2 Nbd7 10. cxd5 exd5 11. Rc1 Qb6 12. Be2 Bb4 13. O-O Bxc3 14. bxc3 O-O
15. Nxg6 hxg6 16. Qa3 Qc7 17. c4 Nb6 18. c5 Qe7 19. Qb3 Nbd7 20. Qxb7 Rab8 21.
Qa6 Rb2 22. Qd3 Rxa2 23. Rb1 Re8 24. Bd1 Nf8 25. Re1 Ne6 26. Bb3 Rxd2 27. Qxd2
Nh5 28. Ba4 Rc8 29. Rb2 Qg5 30. Reb1 Kh7 31. Rb7 f5 32. f4 Nhxf4 33. exf4 Nxf4
34. Kh1 Re8 35. g3 Qh5 36. Qxf4 1-0

[Event "XXXIV Memorial Edoardo Crespi Magistrale"]
[Site "Milano ITA"]
[Date "2013.12.08"]
[Round "9"]
[White "Andreoni, Giuseppe"]
[Black "Tramalloni, Luca"]
[WhiteElo "2082"]
[BlackElo "2067"]
[Result "1-0"]
[PlyCount "65"]
[EventDate "2013.11.30"]

1. Nf3 c5 2. e4 e6 3. d4 cxd4 4. Nxd4 Bc5 5. Nb3 Bb6 6. c4 Ne7 7. Nc3 Nbc6 8.
Be2 O-O 9. c5 Bc7 10. Nb5 Bb8 11. f4 b6 12. Be3 f5 13. cxb6 fxe4 14. bxa7 Bxf4
15. Bxf4 Rxf4 16. Qd6 Rf8 17. Rf1 Rxf1+ 18. Kxf1 Nf5 19. Qc5 Bb7 20. Rd1 d5 21.
Kg1 Rc8 22. Rc1 Ra8 23. Bg4 g6 24. Bxf5 gxf5 25. Nd6 Qe7 26. Nxb7 Qxb7 27. Qxc6
Qxa7+ 28. Nc5 Qxa2 29. Qxe6+ Kh8 30. Qe5+ Kg8 31. Rd1 e3 32. Qxe3 Qxb2 33. Qe6+
1-0

[Event "XXXIV Memorial Edoardo Crespi Magistrale"]
[Site "Milano ITA"]
[Date "2013.12.08"]
[Round "9"]
[White "Battistella, Stefano"]
[Black "Lavorgna, Giovanni"]
[WhiteElo "2080"]
[BlackElo "1995"]
[Result "1/2-1/2"]
[PlyCount "74"]
[EventDate "2013.11.30"]

1. c4 Nf6 2. Nf3 g6 3. Nc3 d5 4. Qa4+ c6 5. cxd5 Bg7 6. dxc6 O-O 7. cxb7 Bxb7
8. e4 Nbd7 9. e5 Nb6 10. Qh4 Bxf3 11. gxf3 Nfd5 12. Nxd5 Nxd5 13. Qe4 f5 14.
Qe2 Rc8 15. Qd1 e6 16. a3 Bxe5 17. d4 Bg7 18. h4 Qb6 19. h5 Bxd4 20. Bd3 Bxf2+
21. Kf1 Rfd8 22. Qe2 Bd4 23. hxg6 hxg6 24. Qh2 Rd7 25. Rb1 Rdc7 26. Bd2 Qb3 27.
Ke2 Qb7 28. Rbg1 Rg7 29. Rb1 Rcc7 30. Qh4 Bf6 31. Qa4 Qc6 32. Bb5 Qd6 33. Bd3
Kf7 34. Rh8 Qe7 35. Ba5 Nb6 36. Qd1 Qd6 37. Bb4 Qe5+ 1/2-1/2

[Event "XXXIV Memorial Edoardo Crespi Magistrale"]
[Site "Milano ITA"]
[Date "2013.12.08"]
[Round "9"]
[White "Bemporad, Filippo"]
[Black "Brociner, Beniamino"]
[WhiteElo "2026"]
[BlackElo "2072"]
[Result "1/2-1/2"]
[PlyCount "147"]
[EventDate "2013.11.30"]

1. d4 Nf6 2. Nf3 d6 3. c4 Nbd7 4. Nc3 e5 5. e4 c6 6. Be2 Be7 7. O-O O-O 8. Re1
a6 9. a4 a5 10. Bf1 Qc7 11. b3 Re8 12. Bb2 Bf8 13. Qc2 exd4 14. Nxd4 Ne5 15.
Rad1 Nfd7 16. Bc1 Nc5 17. Bf4 Bd7 18. Bg3 f6 19. f3 Rad8 20. Rc1 Bc8 21. Bf2
Ne6 22. Be3 Nc5 23. Bf2 Kh8 24. Bg3 Nf7 25. Bf2 Ng5 26. Be3 Nge6 27. Nf5 Qb6
28. Rb1 g6 29. Nd4 Bg7 30. Nxe6 Bxe6 31. Bd3 Qc7 32. Rbd1 Bc8 33. Bf2 Qb6 34.
Rb1 f5 35. Ne2 fxe4 36. Bxe4 Qc7 37. Ng3 Nxe4 38. Nxe4 d5 39. cxd5 Rxd5 40.
Rbd1 Rxd1 41. Rxd1 Bf5 42. Qd2 Bxe4 43. fxe4 Be5 44. h3 Kg7 45. Bd4 Re7 46. Qc3
Kf7 47. Qc4+ Kg7 48. Qc3 Kf6 49. Qf3+ Ke6 50. Bc5 Rf7 51. Qg4+ Kf6 52. Be3 Kg7
53. Qe6 Qe7 54. Qxe7 Rxe7 55. Kf2 Kf6 56. Bb6 Bc7 57. Bd4+ Ke6 58. Ke3 Rf7 59.
Ke2 Rd7 60. Bc3 Rf7 61. Bd4 h5 62. Bc3 g5 63. Rf1 Rxf1 64. Kxf1 g4 65. hxg4
hxg4 66. Ke2 b5 67. Kd3 Bb6 68. Be1 Ke5 69. Bg3+ Kf6 70. Bf4 Ke6 71. Bg3 Kf6
72. Bf4 Kg6 73. Bd2 Kf6 74. Bf4 1/2-1/2

[Event "XXXIV Memorial Edoardo Crespi Magistrale"]
[Site "Milano ITA"]
[Date "2013.12.08"]
[Round "9"]
[White "D'Alfonso, Nicola"]
[Black "Bonazzi, Edoardo"]
[WhiteElo "2032"]
[BlackElo "2099"]
[Result "1-0"]
[PlyCount "54"]
[EventDate "2013.11.30"]

1. d4 Nf6 2. c4 c5 3. d5 b5 4. Nf3 e6 5. dxe6 fxe6 6. cxb5 d5 7. e3 Bd6 8. Nc3
O-O 9. Be2 Nbd7 10. O-O Qc7 11. Ng5 Ne5 12. f4 Nf7 13. Bd3 Bd7 14. Bd2 Rad8 15.
Rc1 Bc8 16. g3 e5 17. Nxh7 Nxh7 18. Nxd5 Qd7 19. Qh5 Nh6 20. fxe5 Be7 21. Qg6
Ng5 22. e4 Nh3+ 23. Kg2 Qe8 24. Bxh6 Qxg6 25. Nxe7+ Kh7 26. Nxg6 Kxg6 27. Rxf8
Rxf8 1-0

[Event "XXXIV Memorial Edoardo Crespi Magistrale"]
[Site "Milano ITA"]
[Date "2013.12.08"]
[Round "9"]
[White "Di Chiara, Mauro"]
[Black "Gagliardi, Christian"]
[WhiteElo "2007"]
[BlackElo "2216"]
[Result "0-1"]
[PlyCount "242"]
[EventDate "2013.11.30"]

1. Nf3 g6 2. d4 Bg7 3. e4 d6 4. Bd3 c6 5. O-O Nd7 6. Re1 e5 7. c3 Ngf6 8. Bg5
h6 9. Bh4 O-O 10. Nbd2 Qc7 11. a4 Re8 12. Qc2 b6 13. dxe5 dxe5 14. Rad1 Nc5 15.
Bf1 Bg4 16. h3 Be6 17. b4 Ncd7 18. Bg3 Nh5 19. Bh2 c5 20. b5 c4 21. Nd4 Nf4 22.
Bxf4 exf4 23. Nxe6 Rxe6 24. Bxc4 Re7 25. Bd5 Rc8 26. c4 Ne5 27. Qb3 Nd7 28. Nf3
Nc5 29. Qc2 Be5 30. Re2 Kg7 31. Red2 Rd8 32. Ne1 Bf6 33. Nf3 h5 34. Re2 Be5 35.
Ne1 Qd6 36. Kh1 Qf6 37. f3 g5 38. Nd3 Nxd3 39. Rxd3 g4 40. fxg4 hxg4 41. hxg4
Rh8+ 42. Rh3 Rxh3+ 43. gxh3 f3 44. Rf2 Bd4 45. Qd2 Bxf2 46. Qxf2 Re5 47. Kh2
Qf4+ 48. Qg3 Qd2+ 49. Kg1 Qd1+ 50. Kf2 Qe2+ 51. Kg1 f6 52. Qf2 Qd3 53. Kh2 Re8
54. Kg3 Rh8 55. h4 Qd1 56. h5 Qxa4 57. Qxf3 Qa1 58. Qe3 Qe5+ 59. Kh3 Re8 60.
Qg3 Kh6 61. Qe3+ Qg5 62. Qf3 Re7 63. Qc3 Qf4 64. Qg3 Qf1+ 65. Kh4 Re5 66. Qa3
Qh1+ 67. Qh3 Qc1 68. Qf3 Qg5+ 69. Kg3 Kh7 70. Kh3 Kg7 71. Qg3 Qc1 72. Kh4 Qd2
73. Qf3 Qh2+ 74. Qh3 Qe2 75. Qg3 Rg5 76. Qc7+ Kh6 77. Qg3 Qd1 78. Qh3 Qc1 79.
Qf3 Qe1+ 80. Kh3 Qa1 81. Kh4 Qb2 82. Kh3 Kg7 83. Qg3 Qd2 84. Qf3 Qb2 85. Kh4
Qh2+ 86. Qh3 Qe2 87. Qg3 Kh6 88. Kh3 Qf1+ 89. Kh4 Qh1+ 90. Qh3 Qc1 91. Qf3 Qa1
92. Kh3 Qd4 93. Qa3 Rg7 94. Qc1+ Kh7 95. Qf4 Qc3+ 96. Kh4 Qe1+ 97. Kh3 Qh1+ 98.
Kg3 Qxh5 99. Qf5+ Qxf5 100. exf5 Kh6 101. Kf4 Re7 102. Be6 Rg7 103. Bd5 Rc7
104. Be6 Rc5 105. Bd5 Rc8 106. Bf7 Rd8 107. Bd5 Rd7 108. Ke3 Kg5 109. Bf3 Re7+
110. Kd4 Kf4 111. Bd5 Re1 112. Be6 Rd1+ 113. Kc3 Kxg4 114. Kb4 Rc1 115. Kb3 Kf4
116. Kb4 Ke5 117. Kb3 Kd4 118. Kb4 Rb1+ 119. Ka3 Kc5 120. Ka4 Rb4+ 121. Ka3
Rxc4 0-1

[Event "XXXIV Memorial Edoardo Crespi Magistrale"]
[Site "Milano ITA"]
[Date "2013.12.08"]
[Round "9"]
[White "Iudicello, Giovanni"]
[Black "Gori, Andrea"]
[WhiteElo "2134"]
[BlackElo "2065"]
[Result "1-0"]
[PlyCount "117"]
[EventDate "2013.11.30"]

1. e4 e5 2. Nf3 Nc6 3. Bb5 a6 4. Ba4 Nf6 5. O-O Be7 6. Bxc6 dxc6 7. Nxe5 Nxe4
8. Qe2 Nf6 9. Re1 Be6 10. d3 Nd7 11. Nc3 Nxe5 12. Qxe5 O-O 13. Bf4 Bd6 14. Qe3
Bxf4 15. Qxf4 Qd6 16. Qh4 Qd8 17. Qh5 Qd7 18. Re3 Rae8 19. Rae1 Bg4 20. Qh4
Rxe3 21. fxe3 h6 22. h3 Be6 23. Qa4 Qe7 24. Qf4 Qd6 25. Qf2 Qb4 26. Rb1 Rd8 27.
a3 Qe7 28. Rf1 b6 29. Qf4 Qd6 30. Qh4 Bd5 31. Qf4 Rd7 32. Rf2 Rd8 33. Nxd5 cxd5
34. Qxf7+ Kh8 35. Rf3 Qe5 36. c3 c5 37. Qb7 Rd6 38. Qc8+ Kh7 39. Qf5+ Qxf5 40.
Rxf5 Kg6 41. g4 d4 42. exd4 cxd4 43. c4 Re6 44. Kf2 Re3 45. Rf3 Re5 46. h4 h5
47. Rf4 hxg4 48. Rxg4+ Kh5 49. Rxd4 Re6 50. b4 g5 51. hxg5 Kxg5 52. Kf3 Kf5 53.
Rf4+ Kg6 54. c5 a5 55. d4 bxc5 56. bxc5 Re1 57. c6 Rc1 58. d5 Rc5 59. Ke4 1-0

[Event "XXXIV Memorial Edoardo Crespi Magistrale"]
[Site "Milano ITA"]
[Date "2013.12.08"]
[Round "9"]
[White "Mrdja, Milan"]
[Black "Astengo, Corrado"]
[WhiteElo "2388"]
[BlackElo "2083"]
[Result "1-0"]
[PlyCount "51"]
[EventDate "2013.11.30"]

1. e4 c5 2. Nf3 e6 3. c4 Nc6 4. d4 cxd4 5. Nxd4 Nf6 6. Nc3 Bb4 7. Nxc6 bxc6 8.
Bd3 O-O 9. O-O e5 10. Bg5 h6 11. Be3 Qe7 12. Rc1 Rd8 13. Kh1 d6 14. h3 Be6 15.
f4 exf4 16. Bxf4 Nd7 17. Nd5 cxd5 18. exd5 Ne5 19. dxe6 fxe6 20. Bb1 Nd7 21. a3
e5 22. Bxh6 Bxa3 23. Qd5+ Kh8 24. Rf7 Qh4 25. Bxg7+ Kg8 26. Rxd7# 1-0

[Event "XXXIV Memorial Edoardo Crespi Magistrale"]
[Site "Milano ITA"]
[Date "2013.12.08"]
[Round "9"]
[White "Pelizzola, Danilo"]
[Black "Calella, Sergio"]
[WhiteElo "2117"]
[BlackElo "2029"]
[Result "1-0"]
[PlyCount "61"]
[EventDate "2013.11.30"]

1. e4 c5 2. Nf3 d6 3. d4 cxd4 4. Nxd4 Nf6 5. Nc3 g6 6. Be3 Bg7 7. f3 O-O 8. Bc4
Nc6 9. Qd2 Bd7 10. O-O-O Rc8 11. Bb3 Ne5 12. g4 Nc4 13. Bxc4 Rxc4 14. h4 Qa5
15. Kb1 Rfc8 16. Nd5 Qd8 17. Nxf6+ Bxf6 18. c3 b5 19. h5 b4 20. cxb4 a5 21.
hxg6 hxg6 22. Qh2 e6 23. Qxd6 Rxb4 24. Nb3 Rb7 25. Bd4 a4 26. Qh2 Kf8 27. Qd6+
Kg8 28. g5 Bg7 29. Bxg7 Kxg7 30. Qe5+ f6 31. gxf6+ 1-0

[Event "XXXIV Memorial Edoardo Crespi Magistrale"]
[Site "Milano ITA"]
[Date "2013.12.08"]
[Round "9"]
[White "Quaranta, Cristiano"]
[Black "Vezzosi, Paolo"]
[WhiteElo "2169"]
[BlackElo "2263"]
[Result "0-1"]
[PlyCount "48"]
[EventDate "2013.11.30"]

1. Nf3 d5 2. c4 d4 3. e3 Nc6 4. b4 dxe3 5. fxe3 Nxb4 6. d4 c5 7. a3 Na6 8. d5
Nf6 9. Bd3 g6 10. O-O Bg7 11. Bb2 O-O 12. Nbd2 Nc7 13. e4 Nfxd5 14. exd5 Bxb2
15. Ra2 Bg7 16. Ne4 Ne8 17. Raf2 Nd6 18. Nxc5 Qc7 19. Nb3 Nxc4 20. Qc1 b5 21.
Nbd4 Bd7 22. Qg5 Qb6 23. Qh4 Bf6 24. Qf4 Rad8 0-1